Intervalles : les villes gagnantes 🔵🔴 - Statistiques

Statistiques générales
  • Ce quiz a Ă©tĂ© pris 24 fois
  • Le rĂ©sultat moyen est 3 sur 18
Answers on the Grid
Answers color-coded by a green-red scale on the quiz's grid according to % correct below.
Bordeaux
Tarbes
Cannes
Séléstat
Vannes
Nancy
Vic-Fezensac
Marseille
Cabourg
Vannes
Lyon
Puy du Fou
Paris
Mont-de-Marsan
Carcasonne
Saint-Quentin
Troyes
Saint-Armand-les-Eaux
Anglet
Nîmes
Le Creusot
Hyères
Valenciennes
Saint-Raphaël
Nice
Royan
Dax
Gap
Bar-le-Duc
Bayonne
Saint-Malo
Thann
Bayonne
 
Statistiques - réponses
Réponse % Correct
Dax
44%
Mont-de-Marsan
28%
Saint-Quentin
28%
Saint-Armand-les-Eaux
22%
Saint-Raphaël
22%
Bayonne
17%
Gap
17%
Paris
17%
Puy du Fou
17%
Anglet
11%
Bar-le-Duc
11%
Hyères
11%
Nancy
11%
Vic-Fezensac
11%
Cabourg
6%
Le Creusot
6%
Royan
6%
Tarbes
6%
Aucun quiz correspondant
Distribution des résultats
% des personnes avec chaque résultat
Percentile par nombre de réponses
Votre historique - résultats
Vous n’avez pas pris ce quiz